| 000 | 00714nam a2200193 a 4500 | ||
|---|---|---|---|
| 003 | 0 | ||
| 005 | 20250313085725.0 | ||
| 008 | 090729s19uu xx 00 eng d | ||
| 050 |
_aPHS RC 570 _b.M828 2009 |
||
| 100 | _aMorales, Raymond Gregory. | ||
| 245 |
_aThe Awareness of mental retardation among grade 11 students / _cRaymond Gregory Morales. |
||
| 260 |
_aLas PiƱas City, Philippines : _bSouthville International School and Colleges, _c2009. |
||
| 300 |
_a33 pages : _billustrations ; _c28 cm. |
||
| 504 | _aIncludes bibliographical references. | ||
| 650 |
_aIntellectual disability _xAwareness. |
||
| 650 |
_aStudents _xAttitudes. |
||
| 650 |
_aIntellectual disability _xPublic opinion. |
||
| 942 |
_2lcc _cPASS |
||
| 999 |
_c98297 _d98297 |
||